Реле селективной защиты от замыканий на землю; Тезисы докладов первой научно-технической конференции по вопросам автоматизации производства (10-12 мая 1962 г.)

Sonraí bibleagrafaíochta
Parent link:Тезисы докладов первой научно-технической конференции по вопросам автоматизации производства (10-12 мая 1962 г.).— 1963.— С. 33-34
Príomhchruthaitheoir: Зайцев А. И.
Rannpháirtithe: Заспанов Л. А., Шалаев Н. П.
Teanga:Rúisis
Foilsithe / Cruthaithe: 1963
Ábhair:
Formáid: MixedMaterials Caibidil leabhair
KOHA link:https://koha.lib.tpu.ru/cgi-bin/koha/opac-detail.pl?biblionumber=592429

MARC

LEADER 00000naa0a2200000 4500
001 592429
005 20250828161229.0
035 |a (RuTPU)RU\TPU\tpu\4491 
035 |a TPU00004491 
090 |a 592429 
100 |a 20011210d1963 k||y0rusy50 ca 
101 0 |a rus 
102 |a RU 
200 1 |a Реле селективной защиты от замыканий на землю  |f А. И. Зайцев, Л. А. Заспанов, Н. П. Шалаев 
463 1 |t Тезисы докладов первой научно-технической конференции по вопросам автоматизации производства (10-12 мая 1962 г.)  |v С. 33-34  |d 1963 
610 1 |a электрические сети 
610 1 |a труды учёных ТПУ 
610 1 |a электрические системы 
610 1 |a электрические станции 
700 1 |a Зайцев  |b А. И. 
701 1 |a Заспанов  |b Л. А. 
701 1 |a Шалаев  |b Н. П. 
801 0 |a RU  |b 63413507  |c 20011210  |g PSBO 
801 2 |a RU  |b 63413507  |c 20071211  |g PSBO 
942 |c BK